| 000 | 00645 a2200265 4500 | ||
|---|---|---|---|
| 260 | _aParis | ||
| 630 | _a30 - Sciences sociales en général.Théories, méthodologie et méthodes des sciences sociales.Sociographie | ||
| 650 | _a300 - SCIENCES SOCIALES | ||
| 100 | _aGrawitz, Madeleine | ||
| 260 | _bDalloz | ||
| 245 | _aMéthodes des sciences sociales | ||
| 300 | _a1019p. | ||
| 650 | _aSciences sociales | ||
| 260 | _c2001 | ||
| 300 | _b21cm | ||
| 100 | _lfr. | ||
| 037 | _aL14495 | ||
| 037 | _aL14496 | ||
| 037 | _aL14944 | ||
| 037 | _aL14943 | ||
| 250 | _a11ème | ||
| 020 | _a2247042139 | ||
| 999 |
_c35012 _d35012 |
||